| 000 | 00000nam 2200000za 4500 |
| 001 | 9.675605 |
| 003 | CaOODSP |
| 005 | 20250508135901 |
| 007 | cr ||||||||||| |
| 008 | 150407s2002 onc|||||o f|0| 0 spa d |
| 040 | |aCaOODSP|beng |
| 043 | |an-cn--- |
| 086 | 1 |aS53-28/2001Spa-PDF|zS53-28/2001Sp-PDF |
| 110 | 1 |aCanada. |bPublic Works and Government Services Canada. |bTranslation Bureau. |
| 245 | 10|aManual de terminologia |h[electronic resource] / |cSilvia Parvel and Diane Nolet. |
| 250 | |a[Spanish edition]. |
| 260 | |aOttawa : |bPublic Works and Government Services Canada, |cc2002. |
| 300 | |a176 p. : |bgraphs, tables. |
| 500 | |aIncorrect catalogue number (S53-28/2001) and ISBN (0-660-61616-5) printed in this publication. |
| 546 | |aText in Spanish. |
| 590 | |a11-30-Supp|b2011-12-02 |
| 700 | 1 |aNolet, Diane. |
| 700 | 1 |aParvel, Silvia. |
| 775 | 08|tPrécis de terminologie |w(CaOODSP)9.634201 |
| 775 | 08|tHandbook of terminology |w(CaOODSP)9.689804 |
| 792 | |tManual de terminologia |efre|w(CaOODSP)9.675606 |
| 856 | 40|ahttp://publications.gc.ca|qPDF|s1.52 Mb|uhttps://publications.gc.ca/collections/collection_2011/tpsgc-pwgsc/S53-28-2001-spa.pdf |